ASEAN potential exporters to Japan 1987.
| Format: | Book |
|---|---|
| Published: |
Tokyo:
ASEAN Promotion Centre on Trade, Investment & Tourism,
1987.
|
| Subjects: |
| LEADER | 00429cam a2200145 7i4500 | ||
|---|---|---|---|
| 001 | 0000001538 | ||
| 005 | 19991025090000.0 | ||
| 002 | ##000002295 | ||
| 020 | 0 | 0 | |a T000002300 |
| 090 | 0 | 0 | |a ASEA 382.5025 |b ASE |
| 245 | 0 | 0 | |a ASEAN potential exporters to Japan 1987. |
| 260 | 0 | 0 | |a Tokyo: |b ASEAN Promotion Centre on Trade, Investment & Tourism, |c 1987. |
| 300 | 0 | 0 | |a 272p. |
| 651 | 0 | 0 | |a Japan |
| 999 | |a 0000003709 |b Book |c Reference |e Business Information Centre | ||